Top 10 Wigan Athletic Premier League Most Assists - Statistics

General Stats
  • This quiz has been taken 24 times
  • The average score is 3 of 11
Answer Stats
Player Assists % Correct
Charles N'Zogbia 12
67%
Hugo Rodallega 9
52%
James McCarthy 7
48%
Antonio Valencia 9
33%
Maynor Figueroa 7
33%
Shaun Maloney 10
29%
Franco Di Santo 7
24%
Kevin Kilbane 7
24%
Jean Beausejour 11
14%
Paul Scharner 9
14%
Lee McCulloch 7
10%
No matching quizzes found
Score Distribution
Percent of People with Each Score
Percentile by Number Answered
Your Score History
You have not taken this quiz